000 00996cam a2200277 a 4500
001 000013452
005 20250710115845.0
008 870723s1984 sp b 001 0 spa
020 _a8473982649
040 _aDO-SdBNP
_bspa
_cDLC
_dDLC
082 _a340.11
_bG216r
100 1 _aGarcía de Enterría, Eduardo.
_d1923-
_930718
245 1 0 _aReflexiones sobre la ley y los principios generales del derecho /
_cEduardo García de Enterría.
260 _aMadrid, España :
_bEditorial Cívitas,
_c1984.
300 _a182 p. ;
_c18 cm.
490 1 _aCuadernos Cívitas
500 _aEs una reimpresión de la 1ra edición de 1984
504 _aIncluye referencias bibliográficas
650 4 _aPrincipios del derecho administrativo
_930719
650 4 _aJurisprudencia
_zEspaña
_930720
650 4 _aEstado de derecho
_zEspaña
_930721
650 0 _aDerecho
_xFilosofía
_930722
830 0 _aCuadernos Cívitas.
_930723
910 _aCatalogación por copia/LC
999 _a1
_n0000080
_c13078
_d13078
049 _aBNGR